000 00975nam a2200193 i 4500
001 77543
003 ES-MaACL
005 20230906173251.0
007 t|
008 931025s1871 sp ||||1| spa d
110 2 _aAcademia Matritense de Jurisprudencia y Legislación.
_91204
245 1 0 _aMemoria o reseña extensa de las disertaciones, discusiones públicas y demás trabajos habidos en la Academia Matritense de Jurisprudencia y Legislación durante el año académico de 1870 a 1871, leída en la sesión inaugural celebrada el sábado 18 de noviembre de 1871 /
_cpor el vizconde de los Antrines.
260 _aMadrid :
_bAcademia Matritense de Jurisprudencia y Legislación,
_c1871 (
_fEstab. Tip. de R. Vicente)
300 _a126 p. ;
_c22 cm.
610 2 4 _aAcademia Matritense de Jurisprudencia y Legislación.
_91204
700 1 _aGonzález de Olañeta, Ulpiano,
_cMarqués de Valdeterrazo.
_9151824
852 4 _aES-MaACL
_jG-14415
852 4 _aES-MaACL
_jT-122-F-6
999 _c77543
_d77543